Responses for Show #1354 - Thursday, June 21, 1990

Eric Terzuolo game 5.

Contestants

[<< previous game]

Danny Streeter, a law clerk from Los Angeles, California

Curt Wilson, an engineer originally from Wilmington, Delaware

Eric Terzuolo, a foreign service officer from Washington, D.C. (whose 4-day cash winnings total $52,701)

[next game >>]

Jeopardy! Round responses

1989
ACTORS & ACTRESSES
U.S. STATES
BOTTOMS UP!
WORLD HISTORY
HOMOPHONIC PAIRS
    $100 16
Beverly Hills

Curt
    $100 8
Julie Christie

Eric
    $100 19
(Danny: What is New Orleans?)

Louisiana

CurtDanny
    $100 12
Great Britain

Danny
    $100 1
Genghis Khan

Curt
    $100 2
cane Cain

Curt
    $200 3
Ford

Curt
    $200 11
Ralph Bellamy

Eric
    $200 23
Maryland

Eric
    $200 24
(Alex: We have a minute to go in the round.)

wine coolers

Curt
    $200 6
Columbus

Eric
    $200 5
dear deer

Eric
    $300 4
(Rajiv) Gandhi

Curt
    $500 13
Marlon Brando

Danny
    $300 22
Nevada & Arizona

Curt
    $300 26
Puerto Rico

Danny
    $300 7
(Erwin) Rommel

Danny
    $300 30
worst wurst

Curt
    $400 17
Rockefeller Center

Eric
    $400 14
Pia Zadora

Danny
    $400 20
West Virginia

Eric
    $400 27
vodkas

Danny
    $400 9
(Curt: What is Babylonia?)

Mesopotamia

EricCurt
    $400 25
beet beat

Eric
    $500 18
Greenpeace

Danny
    $500 15
(Eric: Who is Dan Rowan?)

Peter Lawford

EricDanny
    $500 21
Tennessee

Eric
    $500 28
Coors

Eric
    $500 10
Hungary

Danny
    $500 29
rough ruff

Eric

Scores at the first commercial break (after clue 13):

Eric Curt Danny
$1,100 $300 $1,400

Scores at the end of the Jeopardy! Round:

Eric Curt Danny
$3,500 $1,300 $3,400

Double Jeopardy! Round responses

CLASSICAL LITERATURE
THE BILL OF RIGHTS
SCIENCE & TECHNOLOGY
SCULPTURE
EUROPE
MUSIC IN QUOTES
    $200 5
Aesop

Curt
    $200 11
unusual

Eric
    $200 14
(Curt: What is...?)
(Alex: Sorry, you took too long.)

acoustics

EricCurt
    $200 21
China

Danny
    $200 8
West Germany

Curt
    $200 26
George Bernard Shaw

Eric
    $400 17
Satyricon

Eric
    $400 7
grievances

Eric
    $400 4
ice age

Eric
    $400 22
Sphinx

Eric
    $400 12
Denmark

Eric
    $400 30
and she shall have music wherever she goes

Curt
    $600 18
Macedonia

Danny
    $600 6
due process of law

Danny
    $600 3
analog

Curt
    $600 23
Rodin

Eric
    $600 13
republics

Curt
    $600 27
(Curt: What is, "Goodnight, Mrs. Calabash, wherever you are?")

Stop the music

Curt
Triple Stumper
    $800 19
Plutarch

Danny
    $800 9
fines (or bail)

Curt
    $800 2
sonar

Eric
    $1,000 24
Degas

Eric
    $800 15
(Danny: What is Warsaw?)

Krakow

EricDanny
    $1,000 28
(Alex: [upon reveal of the Daily Double] 10,300 with time running out.)
...
(Eric: Who was Hammerstein?)

Ira Gershwin

Eric
    $1000 20
Lysistrata

Eric
    $1000 10
Alexander Hamilton

Danny
    $1000 1
(Eric: What is the bathyscaphe?)

bathysphere

EricCurt
    $1000 25
Houdon

Triple Stumper
    $1000 16
Adriatic

Eric
    $1000 29
(Samuel) Pepys

Curt

Scores at the end of the Double Jeopardy! Round:

Eric Curt Danny
$9,300 $5,300 $5,800

[wagering suggestions for these scores]

Final Jeopardy! Round responses

COINS
CurtWhat is the Moon landing?
$1,701
DannyWhat is the civil rts movement
$5,800
EricWhat was the Moon landing?
$2,301
Moon landing

Final scores:

Eric Curt Danny
$11,601 $7,001 $0
5-day champion: $64,302 2nd place: KitchenAid washer/dryer & Panasonic 20" TV + VCR + Jeopardy! home game or computerized version 3rd place: Konica Z-up 80 camera + Jeopardy! home game or computerized version

Game dynamics:

Coryat scores:

Eric Curt Danny
$10,100 $5,300 $5,600
26 R
(including 1 DD),
3 W
(including 1 DD)
17 R,
3 W
14 R
(including 1 DD),
2 W

Combined Coryat: $21,000

[game clues] [game scores] [suggest correction]

Game tape date: 1990-02-06
The J! Archive is created by fans, for fans. Scraping, republication, monetization, and malicious use prohibited; this site may use cookies and collect identifying information. See terms. The Jeopardy! game show and all elements thereof, including but not limited to copyright and trademark thereto, are the property of Jeopardy Productions, Inc. and are protected under law. This website is not affiliated with, sponsored by, or operated by Jeopardy Productions, Inc. Join the discussion at JBoard.tv.